| 000 | 03240nam a2200397 4500 | ||
|---|---|---|---|
| 001 | ESSALUD | ||
| 005 | 20260702153024.0 | ||
| 007 | ta | ||
| 008 | t pe ||||| |||| 00| 0 spa d | ||
| 040 | _aBMG | ||
| 041 | _aspa | ||
| 100 |
_aLara Arnao, Ruth Jaqueline _eAutor _947585 |
||
| 245 |
_aIncrementos en los derechos y beneficios laborales de los trabajadores de construcción civil _bImplicancias a raíz de los reajustes del Acta Final de Negociación Colectiva 2026 |
||
| 246 |
_aIncreases in the rights and labor benefits of civil construction workers _bImplications arising from the adjustments of the Final Act of Collective Bargaining 2026 |
||
| 300 | _apáginas 150-168 | ||
| 520 | _aEl presente informe tiene por finalidad analizar las principales implicancias de la "Convención Colectiva de Trabajo - Acta Final de Negociación Colectiva en Construcción Civil 2026", suscrita mediante trato directo entre la Cámara Peruana de la Construcción (CAPECO) y la Federación de Trabajadores en Construcción Civil (FTCC). Dicho instrumento colectivo establece diversos incrementos y mejoras en los beneficios laborales de los trabajadores del sector, principalmente en lo referido al jornal básico, el pago de la asignación especial por labores realizadas en días feriados, la bonificación por trabajos en altura, la bonificación escolar, la bonificación por trabajos ejecutados en condiciones de altas temperaturas en infraestructura vial, el Fondo de Capacitación, así como la creación de la Comisión Permanente de la Industria de la Construcción. | ||
| 520 | _aThis report alms to analyze the main implications of the "Collective Labor Agreement - Final Record of Collective Bargaining in Civil Construction 2026", executed through direct negotiation between the Peruvian Chamber of Construction (CAPECO) and the Federation of Workers in Civil Construction (FTCC). This collective instrument establishes various increases and improvements in labor benefits for workers in the sector, particularly with regard to the basic daily wage, the payment of a special allowance for work performed on public holidays, the height work bonus, the school allowance, the bonus for work carried out under high-temperature conditions in road infrastructure projects, the Training Fund, as well as the creation of the Permanent Commission of the Construction Industry. | ||
| 650 |
_aCONVENIO COLECTIVO 2026 _953197 |
||
| 650 |
_aJORNAL BÁSICO _953198 |
||
| 650 |
_aBENEFICIOS _953199 |
||
| 650 |
_aTRABAJO EN FERIADO _953200 |
||
| 650 |
_aDERECHO DE ALTURA _953201 |
||
| 650 |
_aASIGNACIÓN ESCOLAR _953202 |
||
| 650 |
_aFONDO DE CAPACITACIÓN _953203 |
||
| 650 |
_aCOMISIÓN PERMANENTE _953204 |
||
| 650 |
_aCOLLECTIVE AGREEMENT 2026 _953205 |
||
| 650 |
_aBASIC DAILY WAGE _953206 |
||
| 650 |
_aBENEFITS _953207 |
||
| 650 |
_aWORK ON PUBLIC HOLIDAYS _953208 |
||
| 650 |
_aHEIGHT WORK _953209 |
||
| 650 |
_aSCHOOL ALLOWANCE _953210 |
||
| 650 |
_aTRAINING FUND _953211 |
||
| 650 |
_aPERMANENT COMMISSION _953212 |
||
| 773 | 0 |
_022614 _922623 _dLima Grupo Praxis Formación Profesional, 2026- _oPRALAB001 _tPraxis Laboral & Procesal Laboral _wESSALUD _x3119-768X |
|
| 942 |
_cARTICULOS _e2026-07-02 _zSQB |
||
| 999 |
_c22627 _d22627 |
||